| 000 | 01508nam a2200277Ia 4500 | ||
|---|---|---|---|
| 008 | 130821s2001 ck gr spa | ||
| 020 | _a9589262082 | ||
| 040 |
_aCo-BoUCM _bspa |
||
| 041 | 0 | 0 | _aspa |
| 111 | 2 |
_aSeminario internacional el derecho a la salud y la equidad en los servicios de salud ( _d2001 : abr. 27-28 _cBogotá) _9158658 |
|
| 245 | 1 | 2 |
_a¿Equidad? el problema de la equidad financiera en salud _cPlataforma Interamericana de Derechos Humanos, Democracia y Desarrollo. |
| 246 | 1 | 3 | _aMemorias del seminario internacional el derecho a la salud y la equidad en los servicios de salud |
| 260 |
_aBogotá (Colombia) _bPlataforma Interamericana de Derechos Humanos, Democracia y Desarrollo _c2001 |
||
| 300 | _a228 páginas | ||
| 650 | 0 | 4 |
_aAdministración de salud _926445 |
| 650 | 0 | 4 |
_aAdministración de servicios de salud _zColombia _vCongresos, conferencias, etc. _98579 |
| 650 | 0 | 4 |
_aBienestar social _910081 |
| 650 | 0 | 4 |
_aDerecho a la salud _zcolombia _vCongresos, conferencias, etc. _9158659 |
| 650 | 0 | 4 |
_aSalud pública _98073 |
| 650 | 0 | 4 |
_aSalud pública _xAspectos socioeconómicos _zColombia _vCongresos, conferencias, etc. _98073 |
| 650 | 0 | 4 |
_aSalud _xFinanzas _zColombia _vCongresos, conferencias, etc. _923914 |
| 710 | 2 |
_aObservatorio Universitario de Política Social y Calidad de Vida _9158660 |
|
| 710 | 2 |
_aPlataforma Interamericana de Derechos Humanos, Democracia y Desarrollo _9158661 |
|
| 942 |
_cLIBRO _2DEWEY _a26 _e1 _h362.1042 _mS471 |
||
| 999 |
_c34027 _d34027 |
||